| Tag |
First Indicator |
Second Indicator |
Subfields |
| LEADER |
00000cam a2200000 a 4500 |
| 001 |
in00000036068 |
| 005 |
20151007055343.0 |
| 008 |
870723s1987 cau 00011 eng d |
| 010 |
|
|
|a 86062828
|
| 020 |
|
|
|a 0865472793
|
| 035 |
|
|
|a (OCoLC)16270391
|
| 035 |
|
|
|9 AAB7989AM
|
| 040 |
|
|
|a DPL
|c DPL
|d COB
|d BOS
|d TXA
|d UtOrBLW
|
| 049 |
|
|
|a TXAM
|c [A11115140]
|
| 050 |
|
4 |
|a PS3563.A318955
|b P7 1987
|
| 100 |
1 |
|
|a MacMillan, Ian T.
|
| 245 |
1 |
0 |
|a Proud monster /
|c Ian MacMillan.
|
| 264 |
|
1 |
|a San Francisco :
|b North Point Press,
|c [1987]
|
| 264 |
|
4 |
|c ©1987
|
| 300 |
|
|
|a 140 pages ;
|c 24 cm.
|
| 336 |
|
|
|a text
|b txt
|2 rdacontent
|
| 337 |
|
|
|a unmediated
|b n
|2 rdamedia
|
| 338 |
|
|
|a volume
|b nc
|2 rdacarrier
|
| 650 |
|
0 |
|a World War, 1939-1945
|v Fiction.
|
| 999 |
|
|
|a MARS
|
| 999 |
f |
f |
|s cabd5ace-b221-34dc-9e8d-6fd0ba08e9e9
|i c4ab4346-bb2b-3a79-9f1b-d93e44d475f2
|t 0
|
| 952 |
f |
f |
|p ric
|a Texas A&M University
|b Rellis Campus
|c Joint Library Facility
|d Remote Storage
|t 0
|e PS3563 .A318955 P7 1987
|h Library of Congress classification
|i unmediated -- volume
|m A14811115140
|
| 998 |
f |
f |
|a PS3563 .A318955 P7 1987
|t 0
|l Remote Storage
|